000 01242nam a22003737a 4500
003 CHAP
005 20220329141657.0
008 971013s1981 r 00010 d
010 _a72053
011 _a73025
035 _a82582
040 _cCHAP
082 _a641.1
_bC33
110 _aCanada. Department of Agriculture
_918180
245 _aFood from land I animal protein
_b: II noaminal protein
260 _aOttawa :
_b(s.e.),
_c1981
300 _a110 p.
490 _aDepartment of Agriculture. Publication
_v; 5129
590 _aBATCH-UPD
_b10
_c20130110
_lUCH01
_h0426
590 _aBATCH-UPD
_b10
_c20130110
_lUCH01
_h2354
590 _aBATCH-UPD
_b10
_c20130410
_lUCH01
_h0102
590 _aBATCH-UPD
_b10
_c20130410
_lUCH01
_h1640
590 _aBATCH-UPD
_b10
_c20130913
_lUCH01
_h2027
590 _aBATCH-UPD
_b10
_c20130914
_lUCH01
_h1142
590 _aCONVERSION
_b10
_c20130109
_lUCH01
_h1339
650 1 4 _aAgricultura
_xCanadá.
_91351
650 1 4 _aAlimentos.
_94114
650 1 4 _aCanadá
_xAgricultura.
_918225
650 1 4 _aNutrición.
_982246
830 0 _aDepartment of Agriculture. Publication
_v; 5129
_931841
901 _aBK
942 _cLIBRO
949 _a641.1 C33
_bBC
_cLIBRO
_d33724000139036
_eLIBRO
_h57489
_i82582
_mD
_si
999 _c72053
_d72053